01126nam a2200289 a 4500001001100000003000800011006001900019007001500038008004100053010001700094020001500111020002100126040002100147035002100168050002100189082001700210100001700227245010700244260003500351300001500386504006400401533015200465650004800617655002900665710001700694856012500711ebr5001556CaPaEBRm u cr cn|||||||||990810s1999 enk sb 001 0 eng d z 99488034  z0750709804 z0750709790 (pbk) aCaPaEBRcCaPaEBR a(OCoLC)55942125514aDA4b.B34 1999eb04a907/.0412211 aBage, Grant.10aNarrative mattersh[electronic resource] :bteaching and learning history through story /cGrant Bage. aLondon :bFalmer Press,c1999. aix, 177 p. aIncludes bibliographical references (p. 162-174) and index. aElectronic reproduction.bPalo Alto, Calif. :cebrary,d2013.nAvailable via World Wide Web.nAccess may be limited to ebrary affiliated libraries. 0aHistoryxStudy and teachingzGreat Britain. 7aElectronic books.2local2 aebrary, Inc.40uhttp://site.ebrary.com/lib/rucke/Doc?id=5001556zAn electronic book accessible through the World Wide Web; click to view